Introducción al estudio del trabajo./ (Registro nro. 8162)
[ vista simple ]
| 000 -LEADER | |
|---|---|
| fixed length control field | 02204nam a2200217Ia 4500 |
| 005 - FECHA Y HORA DE LA ÚLTIMA TRANSACCIÓN | |
| control field | 20250701101706.0 |
| 008 - FIXED-LENGTH DATA ELEMENTS--GENERAL INFORMATION | |
| fixed length control field | 230508s9999 xx 000 0 und d |
| 020 ## - INTERNATIONAL STANDARD BOOK NUMBER | |
| International Standard Book Number | 9681856287 |
| 040 ## - CATALOGING SOURCE | |
| Original cataloging agency | UPAN |
| Transcribing agency | Biblioteca San Vicente |
| Description conventions | RCAA2 |
| 041 ## - LANGUAGE CODE | |
| Language code of text/sound track or separate title | spa |
| 082 ## - DEWEY DECIMAL CLASSIFICATION NUMBER | |
| Classification number | 344.01 |
| Item number | O353i |
| año de publicación | 2004 |
| 110 ## - MAIN ENTRY--CORPORATE NAME | |
| Corporate name or jurisdiction name as entry element | Oficina Internacional del Trabajo |
| 245 #0 - TITLE STATEMENT | |
| Title | Introducción al estudio del trabajo./ |
| Remainder of title | Oficina Internacional del Trabajo |
| 250 ## - EDITION STATEMENT | |
| Edition statement | 4° ed. |
| 260 ## - PUBLICATION, DISTRIBUTION, ETC. (IMPRINT) | |
| Place of publication, distribution, etc | Mexico: |
| Name of publisher, distributor, etc | Limusa, |
| Date of publication, distribution, etc | 2004 |
| 300 ## - PHYSICAL DESCRIPTION | |
| Extent | 522 p.: |
| Dimensions | 27 cm. |
| 505 ## - FORMATTED CONTENTS NOTE | |
| Formatted contents note | Primera Parte: Productividad, estudio del trabajo y factor humano.<br/>1. Productividad y calidad de vida.<br/>2. Estudio del trabajo y productividad.<br/>3. Enfoque del estudio del trabajo.<br/>4. El factor humano en la aplicación del estudio del trabajo.<br/>5. Condiciones y medio ambiente de trabajo.<br/><br/>Segunda Parte: Estudio de métodos.<br/>6. Estudio de métodos y selección de trabajo.<br/>7. Registrar, examinar e idear.<br/>8. Desplazamiento de los trabajadores en la zona de trabajo.<br/>9. Métodos y movimientos en el lugar de trabajo.<br/>10. Evaluar, definir, implantar, mantener en uso.<br/>11. Estudio de métodos en la oficina.<br/><br/>Tercera Parte: Técnicas de dirección de la producción.<br/>12. Diseño del producto y utilización de materiales.<br/>13. Control de calidad.<br/>14. Disposición del espacio, manipulación y planificación del proceso.<br/>15. Planificación y control de producción.<br/>16. Control de existencias.<br/>17. Mantenimiento.<br/><br/>Cuarta Parte: Medición del trabajo.<br/>18. Consideraciones generales sobre medición del trabajo.<br/>19. Muestreo del trabajo y estimación estructurada.<br/>20. Estudio de tiempos: el material.<br/>21. Estudio de tiempos: selección y cronometraje del trabajo.<br/>22. Estudio de tiempos: valoración del ritmo.<br/>23. Estudio de tiempos: de los datos reunidos al tiempo tipo.<br/>24. Normas de tiempo para el trabajo con maquinas.<br/>25. Ejemplo de estudio de tiempos.<br/>26. Normas de tiempo predeterminadas.<br/>27. Datos tipo.<br/>28. Utilización de tiempos tipo.<br/><br/>Quinta Parte: Del análisis a la síntesis.<br/>29. Nuevas formas de organización del trabajo.<br/><br/>Sexta Parte: Apéndices. |
| 650 ## - SUBJECT ADDED ENTRY--TOPICAL TERM | |
| Source of heading or term | LEMB |
| Topical term or geographic name as entry element | Estudio |
| 650 ## - SUBJECT ADDED ENTRY--TOPICAL TERM | |
| Source of heading or term | LEMB |
| Topical term or geographic name as entry element | Trabajo |
| 942 ## - ADDED ENTRY ELEMENTS (KOHA) | |
| Koha item type | Libros |
| Source of classification or shelving scheme | Dewey Decimal Classification |
| Withdrawn status | Lost status | Source of classification or shelving scheme | Damaged status | Not for loan | Collection code | Home library | Current library | Date acquired | Total Checkouts | Full call number | Barcode | Date last seen | Price effective from | Koha item type |
|---|---|---|---|---|---|---|---|---|---|---|---|---|---|---|
| Dewey Decimal Classification | Colección General | Biblioteca UPAN San Vicente | Biblioteca UPAN San Vicente | 08/05/2023 | 344.01 O353i | 12000674 | 08/05/2023 | 08/05/2023 | Libros |